000 00409nam a2200145Ia 4500
008 231129s1984||||xx |||||||||||||| ||spa||
020 _a84-345-7820-4
040 _bspa
082 _a610.9 L864m
100 _aLópez Piñero José Marí­a
245 0 _aLa medicina en la historia
260 _c1984
264 _aMadrid España : Salvat Editores
942 _2ddc
_cBKS
999 _c17591
_d17591